| 000 | 00822nam a2200229 a 4500 | ||
|---|---|---|---|
| 001 | 000009895 | ||
| 005 | 20250204073951.0 | ||
| 008 | 091002t2005 dr r 000 p spa d | ||
| 020 | _a9993479373 | ||
| 040 |
_aDO-SdBNP _bspa _cBNPHU |
||
| 082 |
_aRD861.44 _bC957s |
||
| 100 | 1 |
_aCruz Miniño, Milagros Altagracia _911818 |
|
| 245 | 1 | 0 |
_aSusurros de la soledad / _cMilagros Altagracia Cruz Miniño ; edición José Miguel Germán ; proemio Mariano Lebrón Saviñón. |
| 260 |
_aSanto Domingo : _bBúho, _c2005. |
||
| 300 |
_a116 p. ; _c22 cm. |
||
| 590 | _aInventariado, 2018/BT | ||
| 650 | 0 |
_aPoesía dominicana _966 |
|
| 650 | 0 |
_aLiteratura dominicana. _967 |
|
| 700 | 1 |
_aGermán, José Miguel, _eed. _924828 |
|
| 700 | 1 |
_aLebrón Saviñon, Mariano _d1922-2014 _epról. _97227 |
|
| 910 | _aValidado. Control de calidad. EMS | ||
| 999 |
_c9654 _d9654 |
||